|
|
|
|
| LEADER |
00000naa2a2200000 4500 |
| 001 |
379126 |
| 005 |
20260203085734.0 |
| 035 |
|
|
|a (RuTPU)RU\TPU\retro\36588
|
| 035 |
|
|
|a RU\TPU\tpu\6981
|
| 090 |
|
|
|a 379126
|
| 100 |
|
|
|a 20230629d1959 k y0rusy50 ca
|
| 101 |
0 |
|
|a rus
|
| 102 |
|
|
|a RU
|
| 200 |
1 |
|
|a Исследование износа зубчатых колес редукторов горных электросверл
|f Ю. С. Семенов
|
| 320 |
|
|
|a Библиогр.: 6 назв.
|
| 463 |
|
1 |
|0 (RuTPU)RU\TPU\retro\36586
|t Расчет, конструирование и исследование передач. [3]
|o труды конференции по вопросам расчета, конструирования и исследований зубчатых передач и передач гибкой связью, 23-28 сентября, 1957 г., Одесса
|f Одесский политехнический институт ; отв. ред. К. И. Заблонский
|v С. 65-72
|d 1959
|
| 610 |
1 |
|
|a машиностроение
|
| 610 |
1 |
|
|a труды учёных ТПУ
|
| 610 |
1 |
|
|a электросвёрла
|
| 610 |
1 |
|
|a износ
|
| 700 |
|
1 |
|a Семенов
|b Ю. С.
|
| 801 |
|
0 |
|a RU
|b 63413507
|c 20011210
|g PSBO
|
| 801 |
|
2 |
|a RU
|b 63413507
|c 20230629
|g PSBO
|
| 942 |
|
|
|c BK
|